Страна по её национальному блюду - Statistics

General Stats
  • This quiz has been taken 26 times
  • The average score is 13 of 15
Answer Stats
Блюдо Страна % Correct
Суши Япония
100%
Круассан Франция
100%
Плов Узбекистан
95%
Тирамису Италия
91%
Хинкали Грузия
91%
Карри Индия
91%
Сюрстрёмминг Швеция
91%
Кесадилья Мексика
86%
Фо Вьетнам
82%
Фондю Швейцария
82%
Хаш Армения
77%
Кимчхи Корея
77%
Бефстроганов Россия
73%
Хашбраун США
73%
Том ям Таиланд
68%
No matching quizzes found
Score Distribution
Percent of People with Each Score
Percentile by Number Answered
Your Score History
You have not taken this quiz